Language Quiz

Random Language or Letter Quiz

A-Z Then Double E Quiz Stats

 Plays Quiz Updated Nov 21, 2018

     
Support Sporcle.
Go Orange.
Score 0/26 Timer 07:00
3 Plays Today
Clue Word % Correct
She rules the hive (2 words)queen bee
86.5%
The largest hinged joint in the human bodyknee
86%
Ms. ZellwegerRenée
85.6%
2009 FOX TV show about a high school choirGlee
85.4%
The largest Native American tribe in the USACherokee
74.5%
Dice game in which you can get a Large Straight or TwosYahtzee
72.2%
As small as Willy WinkieWee
70.4%
A large national or international gathering of boy scoutsJamboree
60%
This endangered mammal's closest relative is the dugongmanatee
60%
Nightwear that is often sheer and/or lacynegligee
57.7%
Captain Hook's boatswainSmee
56.9%
Two fencing weapons are foil and sabre - the third (mine), is thisepee
55.1%
2008 Republican presidential candidate (but not enough delegates ♥ him)Huckabee
50%
Clue Word % Correct
Pet food brand, Bow Wow album, or Triple H's finishing movePedigree
48.3%
Oppose, counter-arguedisagree
43.5%
A newborn vampire in Eclipse, or a character played by Marcia on Desperate HousewivesBree
41.6%
Williams, Tuxedo or Ernie FordTennessee
37.8%
'All Right Now' was a 1970 hit for this bandFree
34.6%
The farthest point of an object's orbit of the Earthapogee
34.1%
A person detained for security reasons, as Americans of Japanese origin were in WWIIinternee
31.3%
The first popular crooner, Rudy often sang through a megaphoneVallée
22.8%
Peter Fonda was nominated for a 1997 Academy Award for this roleUlee
20.1%
Mac image browser, available for freeXee
18.2%
In the 20th century, this shallow Dutch inlet has been converted mostly to a freshwater lakeZuiderzee
7.5%
Debuting with the Bruins in 1958, this player was referred to as 'The Jackie Robinson of ice hockey'O'Ree
5.9%
This assistant to the Chief of CONTROL was played by Robert Karvelas and David KoechnerLarabee
4.5%

From the Vault

2010 in Sports (US)

by AdmiralMaxtreme

Sports 8m
We thought this quiz going to be about Huey Lewis, but we were way off.
Remove Ads.
Support Sporcle.
Get the best of Sporcle when you Go Orange. This ad-free experience offers more features, more stats, and more fun while also helping to support Sporcle. Thank you for becoming a member.

Show Comments

Extras

Top Quizzes Today


Score Distribution

Your Account Isn't Verified!

In order to create a playlist on Sporcle, you need to verify the email address you used during registration. Go to your Sporcle Settings to finish the process.

Report this User

Report this user for behavior that violates our Community Guidelines.

Details: